000 00294nam a22001337a 4500
008 181122b xxu||||| |||| 00| 0 eng d
020 _a9780395775547
041 _aeng
080 _a710
100 _a44
101 _aART
245 _aAnd Related Readings
_cWilliam.SH
942 _2udc
_cBK
999 _c52420
_d52420